| LEADER 00799nam 2200229 a 4500 |
| 001 1296 |
| 003 ULIBM |
| 008 970807s2532 th m b000 0 tha d |
| 020 ^a974-86967-3-1
|
| 040 ^acl
|
| 041 ^atha
|
| 060 04 ^aWB400^bจ899อ 2532
|
| 100 1 ^aโจว, ไต้ฮั่น
|
| 245 10 ^aอาหาร-ยาจีน-มะเร็ง :^bโภชนบำบัดแผนโบราณสำหรับโรคมะเร็ง /^cโจวไต้ฮั่น, เขียน ; ชุมพล พูนยิง, แปลเรียบเรียง
|
| 246 30 ^aมะเร็ง อาหาร ยาจีน :^bโภชนบำบัดแผนโบราณสำหรับโรคมะเร็ง
|
| 246 30 ^aโภชนบำบัดแผนโบราณสำหรับโรคมะเร็ง
|
| 250 ^aพิมพ์ครั้งที่ 1.
|
| 260 ^aกรุงเทพฯ :^bโรงพิมพ์ธนวิชช์ การพิมพ์,^c2532.
|
| 300 ^a158 หน้า ;^c19 ซม.
|
| 440 0 ^aชุดดูแลสุขภาพ
|
| 500 ^aชื่อเรื่องบนปก: มะเร็ง อาหาร ยาจีน : โภชนบำบัดแผนโบราณสำหรับโรคมะเร็ง
|
| 650 7 ^aอาหาร, การรักษาด้วยการกำหนด
|
| 700 0 ^aชุมพล พูนยิ่ง,^eผู้แปล
|
| 945 ^p550^l0^i100011
|
| 999 ^aดร.พรปวีณ์
|
หนังสือดีน่าอ่าน

“ดั่งดวงแก้ว ส่องสว่าง ทางสายงาม”
จัดทำขึ้นเพื่อเฉลิมพระเกียรติ สมเด็จพระเทพรัตนราชสุดา ฯ สยามบรมราชกุมารี
เนื่องในโอกาสมหามงคลเฉลิมพระชนมพรรษา ๕ รอบ ๒ เมษายน ๒๕๕๘
โดยหนังสือเล่มนี้ได้รวบรวม ๖๐ พระอัจฉริยภาพของสมเด็จพระเทพ ฯ
ผู้อ่านจะได้รับแรงบันดาลใจให้พากเพียรเรียนรู้และขยันอดทนทำการงาน
ตามรอยเบื้องพระยุคลบาท เพราะพระองค์ทรงเป็นแบบอย่างอันดีเยี่ยมในทุกด้าน
ทั้งในความใฝ่รู้ใฝ่เรียน คุณธรรมจริยธรรม พระวิริยอุตสาหะในการทรงงาน
และอื่นๆอีกมากมาย ล้วนสามารถสร้างแรงบันดาลใจให้แก่เด็กและเยาวชน
อีกทั้งประชาชนทั่วไป ให้พากเพียรเรียนรู้และขยันอดทนทำการงานตามรอยพระยุคลบาท
เพื่อฝึกฝนตนเองให้เป็นคนดีคนเก่งของครอบครัวและสังคมต่อไป